REGUM LITURGICARUM LIBRI DUO AUCTORE JOANNE BONA S.R.E. TIT. S. BERNARDI AD. THERMAS PRESBYTERO CARDINALI ORDINIS CISTERCIENSIS PEDEMONTANO PATRITIO MONTIS REGALIS, Hac novissima Editione denuo recogniti, aucti, Notis Observationibus, ac perpetuo fere Commentario Historico, Critico, Dogmatico illustrati, novisque accessionibus locupletati, ac in quatuor Tomos distributi. Quibus quaecumque ad Missae Sacrificium, Rei Liturgicae Originem, Statum, Antiquitatem, Successionem, Ordinem, Ritus, Caeremonias, Ministerium, Disciplinam, seu noticiam spectant, proferuntur, disquiruntur, enucleantur, STUDIO, ET LABORE D. ROBERTI SALA TAURINENSIS Ejusdem Ord. & Congr. S. Bernardi Abbatis tit. Sac. Faculatum, & in Vaticana Bibliotheca Latinae Linguae Professoris. TOMUS SECUNDUS, Sive Libri I. a Cap. XVIII. ad. XXV, PARS SECUNDA, De reliquis, quae ad Missam, & speciatim ad locum, tempus, quo celelbretur, ejus praeparationem, & apparatum pertinent, videlicet de Templis, Oratoriis, Altaribus, eorumque ornatu; de materia Sacrificii. Item de sacris indumentis Sacerdotum, & Ministrorum, supellectili sacra, &c. denique de Ministris ipsis, eorum officiis, singulorum Ordine, & Cantu Ecclesiastico. ACCEDUNT PRO APENDICE Quamplures Eruditorum de celebri Azymi & Fermentati Controversia opiniones, & variae hac de re Epistolae Selectae, tum ipsius Cardinalis BONA, tum aliorum ad eumdem scriptae ante hac ineditae. CUM INDICIBUS LOCUPLETISSIMIS

Hlavní autor: Bona, Giovanni, kardinál, 1609-1674
Další autoři: Sala, Roberto, 18. stol.
Jazyk: Latina
Vydáno: Augustae Taurinorum : Ex typographia regia , 1749
Témata:
Externí odkaz: Digitalizovaný dokument
Fyzický popis: [36], 391, [163] s. ; 2°
Knihy
Uloženo v:
LEADER 02945nam a2200409 a 4500
001 mzk03001183585
003 CZ BrMZK
005 20121213072848.0
007 ta
008 120516s1749 it f |||| 0 lat|d
040 |a BOA001  |b cze 
072 7 |a 27-1/-2  |x Křesťanská teologie. Dogmatická teologie  |2 Konspekt  |9 5 
072 7 |a 094  |x Staré tisky  |2 Konspekt  |9 12 
080 |a 27-282.7  |2 MRF 
080 |a (0.068)094  |2 MRF 
080 |a 025.171  |2 MRF 
100 1 |a Bona, Giovanni,  |c kardinál,  |d 1609-1674  |7 mzk2008434135  |4 aut 
245 1 0 |a REGUM LITURGICARUM LIBRI DUO AUCTORE JOANNE BONA S.R.E. TIT. S. BERNARDI AD. THERMAS PRESBYTERO CARDINALI ORDINIS CISTERCIENSIS PEDEMONTANO PATRITIO MONTIS REGALIS, Hac novissima Editione denuo recogniti, aucti, Notis Observationibus, ac perpetuo fere Commentario Historico, Critico, Dogmatico illustrati, novisque accessionibus locupletati, ac in quatuor Tomos distributi. Quibus quaecumque ad Missae Sacrificium, Rei Liturgicae Originem, Statum, Antiquitatem, Successionem, Ordinem, Ritus, Caeremonias, Ministerium, Disciplinam, seu noticiam spectant, proferuntur, disquiruntur, enucleantur, STUDIO, ET LABORE D. ROBERTI SALA TAURINENSIS Ejusdem Ord. & Congr. S. Bernardi Abbatis tit. Sac. Faculatum, & in Vaticana Bibliotheca Latinae Linguae Professoris.  |n TOMUS SECUNDUS, Sive Libri I. a Cap. XVIII. ad. XXV, PARS SECUNDA,  |p De reliquis, quae ad Missam, & speciatim ad locum, tempus, quo celelbretur, ejus praeparationem, & apparatum pertinent, videlicet de Templis, Oratoriis, Altaribus, eorumque ornatu; de materia Sacrificii. Item de sacris indumentis Sacerdotum, & Ministrorum, supellectili sacra, &c. denique de Ministris ipsis, eorum officiis, singulorum Ordine, & Cantu Ecclesiastico. ACCEDUNT PRO APENDICE Quamplures Eruditorum de celebri Azymi & Fermentati Controversia opiniones, & variae hac de re Epistolae Selectae, tum ipsius Cardinalis BONA, tum aliorum ad eumdem scriptae ante hac ineditae. CUM INDICIBUS LOCUPLETISSIMIS 
260 |a Augustae Taurinorum :  |b Ex typographia regia ,  |c 1749 
300 |a [36], 391, [163] s. ;  |c 2° 
500 |a Výzdoba: Titulní list tištěn červeno-černě, nad impressem viněta, vlysy, iniciály, viněty 
501 |a Přívazek k 1. dílu téhož titulu 
650 7 |a liturgické knihy  |7 ph115161 
655 7 |a staré tisky  |7 fd422076  |2 czenas 
650 7 |a historické knihovní fondy  |7 ph172933  |2 czenas 
700 1 |a Sala, Roberto,  |d 18. stol.  |4 aut 
856 4 1 |u https://imageserver.mzk.cz/mzk03/001/183/585/328100205484.titul1  |y Digitalizovaný dokument 
903 |a RP 
910 |e BOE950  |c R - Q. e. 1a,přív. 
978 |b Tiskárna královská  |a Torino  |c 1749 
984 |a Turín  |b Itálie 
985 |a 1701-1750 
990 |a BK 
996 |e BOE950  |c R - Q. e. 1a,přív. 
980 |g R - Q. e. 1a,přív. 
991 |k rajhrad 
994 |a UP  |l MZK03  |b 001183584  |m přívazek  |n záznam 1. díla (pro objednání pokračujte kliknutím)